00731cam a22002057a 4500001000500000005001700005020001800022040002300040050001200063082000800075100002100083245008500104260002900189300004200218490002400260505000800284520019300292521002000485521002000505239020250815125828.0 a9781612360294 aDLCcDLCdDLCbeng00aPZ7.K66 a8131 aMilten, Luana K.10aLizzie little :bThe sky is falling! /cwritten and illustrated by Robin Koontz. bRourke Publishing,c2012 a24 pages bColor illustrationsc21 cm0 aLittle birdie books aH  aThis Advanced Reader Retells A Classic Story. Teaching Focus, Words To Know Before You Read, Comprehension And Extension Activities. Inside Front And Back Cover Parent And Teacher Support. a440 bLexile  aH bRaz-Plus